Paises por imagen #2 - Estadísticas

Estadísticas generales
  • Esta prueba ha sido intentada 36 veces
  • La puntuación promedio es 11 de 16
Estadísticas de respuestas
Imagen Respuesta % Correcto
Francia
100%
Grecia
96%
Chile
89%
Alemania
85%
Kenia / Tanzania
81%
China
74%
Pakistán
74%
Suiza
74%
Canadá
70%
Irlanda
70%
Argentina
63%
Croacia
59%
Marruecos
59%
Bolivia
48%
Georgia
15%
Corea del Sur
11%
No se encontraron pruebas coincidentes
Distribución de puntuación
Porcentaje de gente con cada puntuación
Porcentaje por número respondido
Historial de tus puntuaciones
No has intentado esta prueba.